• 首页
  • 本馆介绍
  • 公告通知
  • 最新文献
  • 馆藏检索
  • 电子资源
  • 读者导购
  • 参考咨询
  • 我的图书馆
  • 登录
  • 详细信息显示
  • 放入我的书架
  • 预约/预借图书
  • 作者相关作品
  • 分类相关作品
  • 丛书相关作品
  • 出版社相关作品

书目信息

  • 表格格式
  • 工作单格式
  • 卡片格式
题名:
纸张指南
    
 
作者: 刘仁庆 黄秀朱
分册:  
出版信息:   科学普及出版社  1997.10
页数: 403页
开本: 32开
丛书名:
单 册:
中图分类: TS761-62
科图分类:
主题词: 造纸--工业产品
电子资源:
ISBN: 7-5019-4312-5
000 00539nam0 2200193 45
001 0308271088
005 20030827105643.7
010    @a7-5019-4312-5@dRMB32.00
100    @a20030827d1997 km y0chiy0120 ea
101    @achi
105    @a z 000yy
200 1  @a纸张指南@Azhi zhang zhi nan@f刘仁庆 黄秀朱@Fliu ren qing huang xiu zhu
210    @c科学普及出版社@d1997.10
215    @a403页@c无图表@d32开
606 0  @a造纸@x工业产品
690    @aTS761-62@v3
701  0 @a刘仁庆 黄秀朱
801    @aCN@b@c20030827
905    @aBZT@dTS761-62@e8
    
    纸张指南/刘仁庆 黄秀朱.-科学普及出版社,1997.10
    403页:无图表;32开
    
    
    ISBN 7-5019-4312-5:RMB32.00
    
●
相关链接 在五车中查询图书 在当当中查询图书 在豆瓣中查询图书


正题名:纸张指南     索取号:TS761-62/8         预约/预借

序号 登录号 条形码 馆藏地/架位号 状态 备注
1 79695   200044941   中心书库中库/ 中库025架A面8列1层24/ [索取号:TS761-62/8] 在馆    
2 79696   200044950   中心书库中库/ 中库025架A面8列1层23/ [索取号:TS761-62/8] 在馆    
3 79697   200044969   中心书库中库/ 中库025架A面8列1层22/ [索取号:TS761-62/8] 在馆    
山东省滨州职业学院图书馆 欢迎您!
大连网信软件有限公司© 版权所有